المرايا / (Record no. 3682)
[ view plain ]
| 000 -LEADER | |
|---|---|
| fixed length control field | 00400nac a22001451u 4500 |
| 090 ## - LOCALLY ASSIGNED LC-TYPE CALL NUMBER (OCLC); LOCAL CALL NUMBER (OCLC) | |
| -- | 3682 |
| 008 - FIXED-LENGTH DATA ELEMENTS--GENERAL INFORMATION | |
| fixed length control field | 081012t xxu||||| |||| 00| 0 eng d |
| 020 ## - INTERNATIONAL STANDARD BOOK NUMBER | |
| International Standard Book Number | 9773161005 |
| 082 ## - DEWEY DECIMAL CLASSIFICATION NUMBER | |
| Classification number | 813 |
| Item number | MAH |
| 245 ## - TITLE STATEMENT | |
| Title | المرايا / |
| Statement of responsibility, etc | نجيب محفوظ . |
| 260 ## - PUBLICATION, DISTRIBUTION, ETC. (IMPRINT) | |
| Place of publication, distribution, etc | القاهرة : |
| Name of publisher, distributor, etc | مكتبة مصر , [19?] |
| Date of publication, distribution, etc | [19?] |
| 300 ## - PHYSICAL DESCRIPTION | |
| Extent | 321 ص ; |
| Dimensions | 16 سم . |
| 500 ## - GENERAL NOTE | |
| General note | Arabic books. |
| 942 ## - ADDED ENTRY ELEMENTS (KOHA) | |
| Item type | Book - Borrowing |
| Call number prefix | 813MAH |
| Source of classification or shelving scheme | Dewey Decimal Classification |
| Withdrawn status | Item status | Source of classification or shelving scheme | Materials specified (bound volume or other part) | Damaged status | Not for loan | Vendor | Home library | Current library | Shelving location | Date acquired | Source of acquisition | Cost, normal purchase price | Total Checkouts | Full call number | Barcode | Checked out | Date last seen | Date last borrowed | Cost, replacement price | Koha item type |
|---|---|---|---|---|---|---|---|---|---|---|---|---|---|---|---|---|---|---|---|---|
| Dewey Decimal Classification | Invalid barcode - Cataloging Dep. | Central Library | Central Library | Second Floor | 07/05/2007 | 7.50 | 1 | 813 MAH | 00000519 | 22/07/2009 | 01/07/2009 | 01/07/2009 | 9.38 | Book - Borrowing |